000 01007nam a22002177a 4500
005 20240315155408.0
008 240302b ||||| |||| 00| 0 eng d
020 _a9781433833632
040 _cAL
041 _aeng
082 _223
_a302.1
_bGETL
100 _aLori Getz
_9152594
245 _aLike ability
_b: the truth about popularity
260 _aWashington
_bMagination Press
_c2022
300 _aix,198p.
_bPB
_c21.5x14cm.
365 _2General
_a7740
_b₹1146.00
_c
_d₹1469.64
_e22%
_f15-02-2024
520 _aA practical, insightful workbook for teens about popularity: what it is, why some kinds are healthier than others, and how teens can grow their social intelligence and develop the confidence they need to feel more connected to their family peers and community. Each chapter includes personal stories, science and research, and recommendations.
650 _2Social Interaction
_aGeneral Topics of Social Interaction
_9152595
700 _aPrinstein, Mitch
_9152596
942 _2ddc
_cBK
999 _c229968
_d229968